[Event "GER-ch U08 Girls"]
[Site "Willingen"]
[Date "2024.05.25"]
[Round "7"]
[White "Shrikrishna, Aradhana"]
[Black "Caber, Marianna"]
[Result "1-0"]
[WhiteElo "722"]
[BlackElo "762"]
[PlyCount "109"]
[EventDate "2024.05.22"]
[EventType "swiss"]
[EventRounds "7"]
[EventCountry "GER"]
[SourceTitle "CBM 220 Extra"]
[Source "ChessBase"]
[SourceDate "2024.07.31"]
[SourceVersion "1"]
[SourceVersionDate "2024.07.31"]
[SourceQuality "1"]

1. e4 e5 2. Nc3 Nf6 3. Nf3 Nc6 4. Bc4 Bc5 5. d3 0-0 6. 0-0 h6 7. h3 d6 8. a3 Bd7 9. Bd2 a6 10. Re1 Qe7 11. Qe2 b5 12. Bd5 Be6 13. b4 Nxd5 14. exd5 Bd4 15. dxe6 Bxc3 16. Bxc3 Qxe6 17. Qe3 d5 18. Bxe5 Nxe5 19. Nxe5 f6 20. Ng4 Qxe3 21. Nxe3 d4 22. Nd5 c6 23. Nc7 Ra7 24. Ne6 Re8 25. Re2 Rae7 26. Rae1 Kf7 27. Nf4 Rxe2 28. Nxe2 Re5 29. c4 bxc4 30. dxc4 d3 31. Kf1 dxe2+ 32. Rxe2 c5 33. Rxe5 fxe5 34. bxc5 Ke6 35. Ke2 g6 36. Kd3 Kf5 37. g4+ Kf4 38. c6 e4+ 39. Ke2 Ke5 40. f3 exf3+ 41. Kxf3 Kd6 42. Ke3 Kxc6 43. Kd4 g5 44. a4 Kb6 45. c5+ Ka5 46. c6 Kb6 47. Kd5 Kc7 48. a5 Kc8 49. Kd6 Kb8 50. Kd7 Ka7 51. c7 Kb7 52. c8Q+ Ka7 53. Qc4 Kb8 54. Kc6 Kc8 55. Qg8# 1-0

[Event "GER-ch U08 Girls"]
[Site "Willingen"]
[Date "2024.05.23"]
[Round "3"]
[White "Shrikrishna, Aradhana"]
[Black "Richter Assencio, Carolina"]
[Result "1-0"]
[WhiteElo "722"]
[BlackElo "759"]
[PlyCount "49"]
[EventDate "2024.05.22"]
[EventType "swiss"]
[EventRounds "7"]
[EventCountry "GER"]
[SourceTitle "CBM 220 Extra"]
[Source "ChessBase"]
[SourceDate "2024.07.31"]
[SourceVersion "1"]
[SourceVersionDate "2024.07.31"]
[SourceQuality "1"]

1. e4 e5 2. Nf3 Nc6 3. Nc3 Bc5 4. Bc4 Nf6 5. d3 d6 6. Ng5 Ng4 7. 0-0 0-0 8. Nd5 Nxf2 9. Qf3 Bg4 10. Qg3 f6 11. Nc3+ d5 12. Bxd5+ Kh8 13. Nf7+ Rxf7 14. Bxf7 Qe7 15. Bc4 Na5 16. Nd5 Nxc4 17. Nxe7 Bxe7 18. Rxf2 Bc5 19. Qxg4 Bxf2+ 20. Kxf2 Nd6 21. Qe6 Re8 22. Qd7 Rc8 23. Be3 a6 24. d4 Nb5 25. Qxc8# 1-0